000 00960nam a2200301 c 4500
003 BLK
005 20180420214159.0
008 180412b bul|||||r ||||||| ||bul||
010 _aKNG00008461000
020 _a954-445-365-2
_bиздат.: Христо Ботев
040 _aBLK
041 _aBUL
_cBUL
080 _aБългарска литература
_b821.163.2
_x-1
_z821.163.2-1
100 1 _aТенев, Тенко Кънчев
_eпърви автор
_9252292
139 _aТенев, Тенко Кънчев
_bТ 48
245 1 0 _aИмена и съдби
_bЛирика
_cТенко Кънчев Тенев.
257 _aBGR
260 София
_bХристо Ботев
_c1995
300 _a56 с.
_c20 см
380 _aX
490 1 _aБългарска поезия
500 _a900 тир.
852 _aЦб 183209
856 4 _qpdf
_u
856 4 _qpdf
_u
942 _cKNG
_n0
944 _aCR
_c15.01.2003
_kAB_DOS
944 _aED
_c15.01.2003
_k
999 _c7188
_d7188